000 00745nam a2200229 i 4500
001 bg
100 1 _aSCRIBNER, Kenn.
245 1 0 _aMicrosoft Windows Workflow Foundation step by step /
_cKenn Scribner.
260 _aRedmond :
_bMicrosoft Press,
_c2007.
300 _aXXVIII, 481 s. :
_brys. ;
_c24 cm +
_e1 dysk optyczny (CD ROM).
504 _aIndeks.
650 9 _aWindows Workflow Foundation
655 _aPodręczniki
020 _a9780735623354
040 _cBPK
041 0 _aeng
080 _a004.451:004.457](07)
920 _a978-0-7356-2335-4
942 _cKS
008 s pl f |000 0 pol
999 _c53396
_d53396
856 _uhttp://koha.tu.koszalin.pl/cgi-bin/koha/opac-detail.pl?biblionumber=53396
_yKatalog online BPK